000
00256nam a2200097Ia 4500
001
779628
005
20250826165948.0
008
250824s9999 xx 000 0 und d
245
0
_a
SEVGİ VE DOSTLUK
_c
İSMAİL KARAGÖZ
260
_b
DİYANET İŞLERİ YAYINLARI
999
_c
779628
_d
779628